Statistics for Ace Attorney Characters

Click here to take the quiz!

General Stats

  • This quiz has been taken 22 times
  • The average score is 31 of 71

Answer Stats

Character% Correct
Mia Fey
100%
Phoenix Wright
100%
Maya Fey
95%
Miles Edgeworth
95%
Manfred Von Karma
90%
Dick Gumshoe
86%
Franziska Von Karma
86%
Larry Butz
81%
Athena Cykes
76%
Apollo Justice
71%
Godot
71%
Simon Blackquill
71%
Ema Skye
67%
Klavier Gavin
67%
Trucy Wright
67%
Yanni Yogi
67%
Gregory Edgeworth
62%
Kristoph Gavin
62%
Pearl Fey
62%
Will Powers
62%
Winston Payne
62%
Misty Fey
57%
Morgan Fey
57%
Wendy Oldbag
57%
Dee Vasquez
52%
Matt Engarde
52%
Dahlia Hawthorne
48%
Iris
48%
Kay Faraday
48%
Calisto Yew
43%
Frank Sahwit
43%
Gaspen Payne
43%
Lotta Hart
43%
Maggey Byrde
43%
Redd White
43%
Shelly de Killer
43%
Shi-Long Lang
43%
The Judge
43%
Tyrell Badd
43%
April May
38%
Bobby Fulbright
38%
Marvin Grossberg
38%
Nahyuta
38%
Adrian Andrews
33%
Aura Blackquill
33%
Damon Gant
33%
Sebastian Debeste
33%
Acro
29%
Justine Courtney
29%
Raymond Shields
29%
Simon Keyes
29%
Dhurke Sahdmadhi
24%
Ini Miney
24%
Juniper Woods
24%
Thalassa Gramarye
24%
Zak Gramarye
24%
Blaise Debeste
19%
Vera Misham
19%
Datz Are'bal
14%
Jove Justice
14%
Magnifi Gramarye
14%
Spark Brushel
14%
Valant Gramarye
14%
Ahlbi Ur'gaid
10%
Amara Sigatar Khura'in
10%
Sirhan Dogen
10%
Di-Jun Huang
5%
Inga Karkhuul Khura'in
5%
Rafya Padma Khura'in
5%
Sahdmadhi
5%
Ga'ran Sigtar Khura'in
0%

Score Distribution

Percentile by Number Answered

Percent of People with Each Score

Your Score History

You have not taken this quiz